00849 am a2200193 a 450000500170000000800410001702000150005804100080007310000200008124501210010125000830022226000590030530000110036450001980037565300290057365300170060265300120061970000240063120240626121645.0100304s1997||||ag a f |||| 001 0 spa d a9500601524 aspa1 aBouchet, Alain. aAnatomía Descriptiva, Topográfica y Funcional.bRegión Retroperitoneal. Pelvis Menor. Perineo /cAlain Bouchet a1a ed.bTraducción Ernesto Brik ; Germán Niedfeld y Antonio Méndez Anell aBuenos Aires:bEditorial Médica Panamericana;c1997. a328 p. aBouchet, A. y Cuilleret, J. (1997). Anatomía descriptiva, topográfica y funcional. Región retroperitoneal. Pelvis menor. Perineo. (1a ed.). Buenos Aires : Editorial Médica Panamericana. aRegión retroperitoneal aPelvis menor aPerineo1 aCuilleret, Jacques.